Statistics for Wwe my own draft night 3

Click here to take the quiz!

General Stats

  • This quiz has been taken 4 times
  • The average score is 8 of 20

Answer Stats

HintAnswer% Correct
Going to smackdownDrew Mcintyre
75%
Going to rawElias
75%
Going to rawAkira Tozawa
50%
Going to smackdownAustin Theory
50%
Going to rawCarmella
50%
Going to rawCedric Alexander
50%
Going to rawDana Brooke
50%
Going to smackdownJohnny Gargano
50%
Going to rawMVP
50%
Going to smackdownRandy Orton
50%
Going to smackdownTommaso Ciampa
50%
Going to smackdownAlexa Bliss
25%
Going to rawHappy Corbin and Mad Cap Moss
25%
Going to smackdownMandy Rose
25%
Going to smackdownMia Yim
25%
Going to smackdownPete Dunne
25%
Going to smackdownRaguel Gonzalez
25%
Going to rawSamoa Joe
25%
Going to rawSantos Escobar
25%
Going to rawSarray
25%

Score Distribution

Percentile by Number Answered

Percent of People with Each Score

Your Score History

You have not taken this quiz